Handy Andy ; a tale of Irish life /

Bibliographic Details
Main Author: Lover, Samuel, 1797-1868
Format: Book
Language:English
Published: New York : The Century co., 1906.
Series:The English Comedie humaine. 2d series

MARC

Tag First Indicator Second Indicator Subfields
LEADER 00000cam a2200000 4500
001 in00000033964
005 20151007063357.0
008 790117s1906 nyuf 00011 eng d
010 |a  06012132  
035 |a (OCoLC)04556476 
035 |9 AAD7256AM 
040 |a TOL  |c TOL  |d TXA  |d UtOrBLW 
049 |a TXAM  |c [174940] 
050 0 |a PZ3.L945  |b H11 
090 |a PR4892  |b .H36 1906 
092 |a 823  |b L911h 
100 1 |a Lover, Samuel,  |d 1797-1868. 
245 1 0 |a Handy Andy ;  |b a tale of Irish life /  |c by Samuel Lover, esq. 
264 1 |a New York :  |b The Century co.,  |c 1906. 
300 |a xi, 456 pages :  |b frontispiece, 11 plates ;  |c 21 cm. 
336 |a text  |b txt  |2 rdacontent 
337 |a unmediated  |b n  |2 rdamedia 
338 |a volume  |b nc  |2 rdacarrier 
490 0 |a The English Comedie humaine. 2d series 
500 |a Series title also at head of t.-p. 
999 |a MARS 
999 f f |s a3990e79-0cf7-3a30-870a-3381bb079d04  |i 611ec341-50f7-354a-af00-c96c9e8cf700  |t 0 
952 f f |p ric  |a Texas A&M University  |b Rellis Campus  |c Joint Library Facility  |d Remote Storage  |t 0  |e PR4892 .H36 1906  |h Library of Congress classification  |i unmediated -- volume  |m A14801323911 
998 f f |a PR4892 .H36 1906  |t 0  |l Remote Storage